La cuestión agraria en Irlanda (Record no. 85333)

MARC details
000 -LEADER
campo de control de longitud fija 00509nam a2200157 i 4500
001 - NÚMERO DE CONTROL
campo de control 85333
003 - IDENTIFICADOR DE NÚMERO DE CONTROL
campo de control ES-MaACL
005 - FECHA Y HORA DE LA ÚLTIMA TRANSACCIÓN
campo de control 20250810063029.0
007 - CAMPO FIJO DE DESCRIPCIÓN FÍSICA--INFORMACIÓN GENERAL
campo de control de longitud fija t|
008 - DATOS DE LONGITUD FIJA--INFORMACIÓN GENERAL
campo de control de longitud fija 041126s1916 sp ||||1| spa d
100 1# - ENTRADA PRINCIPAL--NOMBRE DE PERSONA
Nombre de persona Jordana de Pozas, Luis,
Fechas asociadas al nombre 1890-1983
9 (RLIN) 66931
245 13 - MENCIÓN DEL TÍTULO
Título La cuestión agraria en Irlanda
Resto del título : su historia y estado actual /
Mención de responsabilidad, etc. Luis Jordana de Pozas.
260 ## - PUBLICACIÓN, DISTRIBUCIÓN, ETC.
Lugar de publicación, distribución, etc. Madrid :
Nombre del editor, distribuidor, etc. [s.n.,
Fecha de publicación, distribución, etc. 1916] (
Fabricante Suc. de M. Minuesa de los Ríos)
852 ## - LOCALIZACIÓN
Ubicación ES-MaACL
Número de control de estantería 1531-F-2
Holdings
Estatus retirado Estado de pérdida Estado de daño No para préstamo Colección Biblioteca de origen Biblioteca actual Ubicación en estantería Fecha de adquisición Fuente de adquisición Total de préstamos Signatura topográfica completa Código de barras Visto por última vez Precio de reemplazo Tipo de ítem Koha
        Colección de folletos Biblioteca del Ateneo de Madrid Biblioteca del Ateneo de Madrid Depósito folletos 17/01/2008     1531-F-2 1089172 23/02/2023 23/02/2023 Folleto